[Event "Halmstad op"]
[Site "Halmstad"]
[Date "2025.05.29"]
[Round "3"]
[White "Lindberg, Bengt"]
[Black "Silwer, Martin"]
[Result "1-0"]
[WhiteElo "2334"]
[BlackElo "2000"]
[PlyCount "73"]
[EventDate "2025.05.29"]
[EventType "swiss"]
[EventRounds "8"]
[EventCountry "SWE"]
[SourceTitle "CB23_2025"]
[SourceDate "2025.06.04"]
[SourceVersion "1"]
[SourceVersionDate "2025.06.04"]
[SourceQuality "1"]

1. e4 c6 2. d4 d5 3. exd5 cxd5 4. h3 Nc6 5. Nf3 Bf5 6. Be2 h6 7. c3 e6 8. Bf4 Bd6 9. Bxd6 Qxd6 10. Qb3 Nge7 11. Nbd2 0-0 12. a4 Ng6 13. 0-0 Nf4 14. Rfe1 e5 15. Bf1 e4 16. Nh2 Rfe8 17. Re3 Re6 18. Kh1 Rae8 19. Rae1 h5 20. Qd1 h4 21. f3 Nh5 22. fxe4 Ng3+ 23. Kg1 dxe4 24. Ng4 Bxg4 25. Qxg4 f5 26. Qxh4 Rh6 27. Qxg3 f4 28. Qg4 fxe3 29. Rxe3 Rg6 30. Qh5 Ne7 31. Bc4+ Kf8 32. Qh8+ Ng8 33. Qxg8+ Ke7 34. Rxe4+ Kf6 35. Qf7+ Kg5 36. Nf3+ Kh6 37. Rh4# 1-0